El comportamiento, motor de la evolución /

Examen y discusión de las diferentes hipótesis posibles atinentes al rol de los comportamientos en los mecanismos de la evolución. Parte de las doctrinas clásicas de Lamarck y Darwin, y de la etología.

Guardado en:
Detalles Bibliográficos
Autor principal: Piaget, Jean (autor)
Formato: Libro
Idioma:Español
Publicado: Buenos Aires, Argentina : Nueva Visión, 1986
Colección:(Psicología Contemporánea)
Temas:
Etiquetas: Agrega una etiqueta
Sin etiquetas, Sé el primero en etiquetar este registro!

MARC

LEADER 00000nam^a2200000^a^4500
001 000001482
005 20250521000000.0
009 20260310083108.492
020 |a 950-602-116-3 
037 |a Acervo ITESO - Biblioteca 
041 |a ESP 
082 |a 575. 0617  |b PIA 
100 |a Piaget, Jean  |e (autor) 
245 1 3 |a El comportamiento, motor de la evolución /  |c J. Piaget ; tr. por Inés Pardal. 
264 1 |a Buenos Aires, Argentina :  |b Nueva Visión,  |c 1986 
300 |a 125 p. 
336 |a texto  |b txt  |2 rdacontenido 
337 |a sin mediación  |b n  |2 rdamedio 
338 |a volumen  |b nc  |2 rdasoporte 
440 1 |a (Psicología Contemporánea) 
500 |a Traducción de: Le Comportement, Moteur de l'évolution 
520 |a Examen y discusión de las diferentes hipótesis posibles atinentes al rol de los comportamientos en los mecanismos de la evolución. Parte de las doctrinas clásicas de Lamarck y Darwin, y de la etología. 
649 |a XX 
650 |a Ciencias Naturales 
650 |a Biología 
650 |a Evolución 
650 |a Etología 
910 |a Fondo General 
920 |a Impresos - Libros 
930 |a Colección General 
905 |a 101 
901 |a 0014820100  |b IT1  |c ACC  |i 001482  |u 20250521 
902 |a https://opac.biblio.iteso.mx/vufind/Record/000001482